[Event "LTU ch Semifinal 2021"]
[Site "Kaunas"]
[Date "2021.09.27"]
[Round "6"]
[Board "7"]
[White "Simkunaite, Gabija"]
[Black "Povilaitis, Matas"]
[Result "1-0"]
[WhiteElo "1948"]
[BlackElo "1720"]
[PlyCount "99"]
[EventDate "2021.09.24"]
[EventRounds "8"]
[EventCountry "LTU"]

1. d4 d5 2. c4 c6 3. g3 Nf6 4. Nf3 g6 5. Bg2 e6 6. O-O Bg7 7. Nc3 O-O 8. Bg5 h6
9. Bxf6 Bxf6 10. e4 dxe4 11. Nxe4 Bg7 12. Qc1 Na6 13. Rd1 Nc7 14. Ne5 Qe7 15.
Qe3 Rd8 16. Nc5 Qe8 17. h4 f6 18. Ng4 g5 19. hxg5 hxg5 20. Bf3 b6 21. Ne4 Qg6
22. Nc3 Bb7 23. Kg2 f5 24. Ne5 Bxe5 25. Qxe5 Qg7 26. Qxg7+ Kxg7 27. Kg1 g4 28.
Bg2 Rd6 29. c5 Rd7 30. b4 Nd5 31. Nxd5 exd5 32. Re1 Kf6 33. Re5 Re7 34. Rxe7
Kxe7 35. Re1+ Kf6 36. a4 Rb8 37. Bf1 bxc5 38. dxc5 d4 39. Bc4 Bc8 40. b5 Bd7
41. bxc6 Be8 42. Re6+ Kg5 43. c7 Rc8 44. Ba6 Rxc7 45. Rxe8 Rxc5 46. Rd8 Ra5 47.
Bb5 a6 48. Ra8 d3 49. Rxa6 d2 50. Rd6  1-0

[Event "LTU ch Semifinal 2021"]
[Site "Kaunas"]
[Date "2021.09.27"]
[Round "6"]
[Board "8"]
[White "Zilakauskis, Steponas"]
[Black "Raugevicius, Matas"]
[Result "1-0"]
[WhiteElo "1773"]
[BlackElo "1398"]
[PlyCount "55"]
[EventDate "2021.09.24"]
[EventRounds "8"]
[EventCountry "LTU"]

1. d4 Nf6 2. Nf3 g6 3. b3 Bg7 4. Bb2 d5 5. e3 c5 6. Bd3 O-O 7. Nbd2 b6 8. O-O
Bb7 9. dxc5 bxc5 10. c4 d4 11. exd4 cxd4 12. Re1 Nc6 13. Ne4 Nd7 14. Bf1 e5 15.
Ba3 f5 16. Nd6 Qa5 17. Qc1 Rfb8 18. c5 Ba6 19. Bc4+ Kf8 20. Ng5 Bf6 21. Bd5 Nd8
22. Nxh7+ Kg7 23. Nxf6 Kxf6 24. Ne8+ Ke7 25. Qg5+ Kxe8 26. Qxg6+ Kf8 27. Qd6+
Ke8 28. c6  1-0

[Event "LTU ch Semifinal 2021"]
[Site "Kaunas"]
[Date "2021.09.27"]
[Round "6"]
[Board "9"]
[White "Vazgauskas, Povilas"]
[Black "Indriunas, Matas"]
[Result "0-1"]
[WhiteElo "1532"]
[BlackElo "2205"]
[PlyCount "78"]
[EventDate "2021.09.24"]
[EventRounds "8"]
[EventCountry "LTU"]

1. e4 c5 2. Nf3 d6 3. Bb5+ Nd7 4. d4 cxd4 5. Qxd4 a6 6. Bxd7+ Bxd7 7. O-O Rc8
8. c3 e5 9. Nxe5 dxe5 10. Qxe5+ Be6 11. Be3 Nf6 12. Nd2 Ng4 13. Qd4 Nxe3 14.
Qxe3 Bc5 15. Qf4 O-O 16. Nf3 f6 17. Rfd1 Qb6 18. Nd4 Bxd4 19. cxd4 Qxb2 20. d5
Bf7 21. g4 Qe5 22. Qxe5 fxe5 23. Rac1 Bg6 24. Rxc8 Rxc8 25. f3 Kf8 26. Rd3 Ke7
27. a4 Be8 28. Rb3 b5 29. a5 Kd6 30. h4 Rc4 31. Kf2 b4 32. Ke3 Rc3+ 33. Rxc3
bxc3 34. Kd3 Bb5+ 35. Kxc3 Be2 36. f4 Bxg4 37. f5 Be2 38. Kd2 Bb5 39. h5 h6  0-1

[Event "LTU ch Semifinal 2021"]
[Site "Kaunas"]
[Date "2021.09.27"]
[Round "6"]
[Board "10"]
[White "Grybas, Gintaras"]
[Black "Praspaliauskas, Matas"]
[Result "1/2-1/2"]
[WhiteElo "2007"]
[BlackElo "1313"]
[PlyCount "145"]
[EventDate "2021.09.24"]
[EventRounds "8"]
[EventCountry "LTU"]

1. d4 Nf6 2. c4 e6 3. Nf3 d5 4. Nc3 Be7 5. Bf4 O-O 6. e3 a6 7. c5 b6 8. b4 Bd7
9. Bd3 a5 10. a3 axb4 11. axb4 Nc6 12. Rb1 Nh5 13. Be5 f6 14. Bg3 Nxg3 15. hxg3
g6 16. Ne2 e5 17. b5 Nxd4 18. Nfxd4 exd4 19. c6 Bg4 20. f3 Be6 21. exd4 Bd6 22.
Kf2 Ra2 23. Rh6 Qe7 24. Qb3 Ra3 25. Qc2 Re8 26. Rbh1 Bf5 27. Be4 dxe4 28. Qc4+
Be6 29. d5 e3+ 30. Ke1 Bb4+ 31. Kd1 Ra1+ 32. Kc2 Bf5+ 33. Kb3 Rxh1 34. Rxh1 Bc5
35. d6+ Qe6 36. d7 Ra8 37. Ra1 Qxc4+ 38. Kxc4 Rd8 39. Rd1 Kf7 40. Kc3 Ke7 41.
Nf4 Bd6 42. Nd5+ Kf7 43. Nxe3 Bxd7 44. cxd7 Rxd7 45. g4 Be5+ 46. Kc4 Rxd1 47.
Nxd1 Ke6 48. Nf2 f5 49. gxf5+ gxf5 50. Nh3 h6 51. Nf2 Bg3 52. Nd3 f4 53. Kd4
Kd6 54. Nb4 Bf2+ 55. Kc4 Be3 56. Nc6 h5 57. Nd8 Ke7 58. Nc6+ Kd6 59. Nb4 h4 60.
Nc6 Bc5 61. Nd8 Ke7 62. Nc6+ Kd6 63. Nb8 Bf2 64. Na6 Bc5 65. Nb8 Bf2 66. Nc6
Bc5 67. Kc3 Bf2 68. Kd3 Kc5 69. Na7 Kd5 70. Kc3 Be1+ 71. Kd3 Bf2 72. Nc8 Kc5
73. Na7  1/2-1/2

[Event "LTU ch Semifinal 2021"]
[Site "Kaunas"]
[Date "2021.09.27"]
[Round "6"]
[Board "11"]
[White "Narmontas, Raimondas"]
[Black "Vaiciunas, Giedrius"]
[Result "1-0"]
[WhiteElo "1983"]
[BlackElo "1553"]
[PlyCount "143"]
[EventDate "2021.09.24"]
[EventRounds "8"]
[EventCountry "LTU"]

1. d4 e6 2. Bf4 c5 3. c3 Nf6 4. e3 Nc6 5. Bd3 cxd4 6. exd4 d5 7. Nf3 Bd6 8. Bg5
h6 9. Bh4 Be7 10. O-O Nd7 11. Bxe7 Qxe7 12. Re1 O-O 13. Nbd2 Qf6 14. Qe2 a6 15.
Nf1 b5 16. Ne3 Bb7 17. Ng4 Qf4 18. h3 Qd6 19. Qd2 f5 20. Ne3 Nf6 21. Nf1 Ne4
22. Qe2 Rae8 23. Rad1 Qf4 24. Qe3 Qxe3 25. Nxe3 b4 26. c4 Na5 27. c5 Nc6 28.
Bc2 Nf6 29. Ba4 Nd7 30. Nc2 a5 31. a3 Ndb8 32. axb4 axb4 33. Ne5 Nxe5 34. Bxe8
Rxe8 35. Rxe5 Nc6 36. Re3 Ba6 37. Ra1 Bb5 38. f4 Kf7 39. Kf2 Bc4 40. b3 Bb5 41.
g4 g6 42. Rg3 g5 43. Rf3 gxf4 44. Rxf4 Bd3 45. Ra2 Bxc2 46. Rxc2 Kf6 47. Ra2
Kg5 48. Kg3 Kg6 49. Ra6 Rc8 50. gxf5+ exf5 51. h4 Kf6 52. Rb6 Rg8+ 53. Kf2 Rc8
54. Ke3 Re8+ 55. Kd3 Re6 56. Rf2 Nd8 57. Ra2 f4 58. Ra8 Nc6 59. Rf8+ Ke7 60.
Rxf4 Kd7 61. Rf7+ Ne7 62. Rb7+ Ke8 63. Rbxe7+ Rxe7 64. Rxe7+ Kxe7 65. Ke3 Ke6
66. Kf4 Kf6 67. Kg4 h5+ 68. Kxh5 Kf5 69. c6 Ke4 70. c7 Kxd4 71. c8=Q Ke3 72.
Qc5+  1-0

[Event "LTU ch Semifinal 2021"]
[Site "Kaunas"]
[Date "2021.09.27"]
[Round "6"]
[Board "12"]
[White "Kavaliauskas, Tomas"]
[Black "Berginas, Sigitas"]
[Result "1-0"]
[WhiteElo "1361"]
[BlackElo "1380"]
[PlyCount "97"]
[EventDate "2021.09.24"]
[EventRounds "8"]
[EventCountry "LTU"]

1. d4 d5 2. c4 e5 3. dxe5 d4 4. Nf3 Bb4+ 5. Bd2 Bxd2+ 6. Nbxd2 c5 7. g3 b6 8.
Bg2 Bb7 9. O-O Ne7 10. a3 Nd7 11. b4 O-O 12. Re1 Qc7 13. e3 dxe3 14. Rxe3 Rad8
15. Qc2 Ng6 16. Rae1 Rfe8 17. Qb2 h6 18. e6 fxe6 19. Rxe6 Rxe6 20. Rxe6 Ndf8
21. Re1 Qd6 22. bxc5 Qxc5 23. Rc1 Bxf3 24. Nxf3 Rd3 25. a4 Ra3 26. Nd2 Rxa4 27.
Bd5+ Kh8 28. Ne4 Rb4 29. Qa1 Qc7 30. c5 bxc5 31. Rxc5 Qb6 32. Rc1 Rb2 33. Qa3
Qd4 34. Qc5 Qxc5 35. Rxc5 Rb1+ 36. Kg2 Ra1 37. Rc8 Kh7 38. Bf7 a5 39. h4 h5 40.
Ng5+ Kh6 41. Ne6 Nxe6 42. Bxe6 Ne7 43. Rh8+ Kg6 44. f4 a4 45. Rf8 Kh7 46. Re8
Ng6 47. f5 Ne5 48. Bg8+ Kh8 49. Bf7+  1-0

[Event "LTU ch Semifinal 2021"]
[Site "Kaunas"]
[Date "2021.09.27"]
[Round "6"]
[Board "13"]
[White "Slusnys, Evaldas"]
[Black "Plutaite, Ausra"]
[Result "1-0"]
[WhiteElo "1747"]
[BlackElo "1472"]
[PlyCount "67"]
[EventDate "2021.09.24"]
[EventRounds "8"]
[EventCountry "LTU"]

1. e4 e6 2. d3 d5 3. Nd2 Nf6 4. Ngf3 Bc5 5. c3 dxe4 6. Nxe4 Nxe4 7. Qa4+ Bd7 8.
Qxe4 Bc6 9. Qg4 Qf6 10. Be2 h6 11. Bf4 Na6 12. d4 Bb6 13. Ne5 Bd5 14. O-O O-O-O
15. a4 c6 16. b4 Nb8 17. Nd3 Nd7 18. a5 Bc7 19. Bxc7 Kxc7 20. Qg3+ Kc8 21. Rfb1
a6 22. Nc5 Nxc5 23. bxc5 Be4 24. Rb4 h5 25. Qe3 Qg6 26. f3 Bd5 27. c4 h4 28.
cxd5 Rxd5 29. Rab1 Rg5 30. Qf2 Rhh5 31. Rxb7 Kd8 32. f4 h3 33. fxg5 Rxg5 34.
Rb8+  1-0

[Event "LTU ch Semifinal 2021"]
[Site "Kaunas"]
[Date "2021.09.27"]
[Round "6"]
[Board "14"]
[White "Zalimas, Ugnius"]
[Black "Bosikis, Titas"]
[Result "0-1"]
[WhiteElo "1324"]
[BlackElo "1373"]
[PlyCount "86"]
[EventDate "2021.09.24"]
[EventRounds "8"]
[EventCountry "LTU"]

1. e4 e5 2. Nf3 Nf6 3. Nc3 Nc6 4. d4 exd4 5. Nxd4 Bb4 6. Nxc6 bxc6 7. Bd3 d5 8.
exd5 cxd5 9. O-O O-O 10. Bg5 Bxc3 11. bxc3 h6 12. Bh4 Qd6 13. h3 Bb7 14. Qf3
Ne4 15. Bxe4 dxe4 16. Qg3 g5 17. Qxd6 cxd6 18. Bg3 d5 19. Be5 f6 20. Bd4 f5 21.
g4 fxg4 22. hxg4 Rf4 23. Be5 Rxg4+ 24. Bg3 e3 25. Kh2 e2 26. Rfe1 Ba6 27. Rab1
Re8 28. a3 Rc4 29. Rb4 Rxc3 30. Ra4 Re6 31. Ra5 Bc4 32. Rxa7 Rxc2 33. a4 d4 34.
f4 d3 35. f5 Ra6 36. Rc7 d2 37. Rb1 Ra8 38. Rbb7 d1=Q 39. Rg7+ Kf8 40. Kh3 Qh1+
41. Bh2 Rc3+ 42. Kg4 Qxh2 43. f6 Qh3#  0-1

[Event "LTU ch Semifinal 2021"]
[Site "Kaunas"]
[Date "2021.09.28"]
[Round "7"]
[Board "1"]
[White "Stremavicius, Pijus"]
[Black "Povilaitis, Tomas"]
[Result "1-0"]
[WhiteElo "2253"]
[BlackElo "1973"]
[PlyCount "91"]
[EventDate "2021.09.24"]
[EventRounds "8"]
[EventCountry "LTU"]

1. d4 Nf6 2. Nf3 e6 3. g3 d5 4. Bg2 Be7 5. O-O O-O 6. c4 b6 7. Nc3 Bb7 8. cxd5
Nxd5 9. Nxd5 Bxd5 10. Qc2 Nd7 11. e4 Bb7 12. Rd1 Rc8 13. d5 exd5 14. exd5 Nf6
15. Ne5 Bc5 16. Bg5 Re8 17. Bxf6 Qxf6 18. Nd7 Qg6 19. Qxg6 hxg6 20. Nxc5 bxc5
21. d6 Bxg2 22. d7 Bf3 23. Rd3 Bg4 24. dxc8=Q Rxc8 25. f3 Be6 26. Rad1 Kf8 27.
Rd8+ Rxd8 28. Rxd8+ Ke7 29. Ra8 Bxa2 30. Rxa7 Bd5 31. Rxc7+ Kd6 32. Ra7 Ke5 33.
Kf2 Kd4 34. Ke2 Kc4 35. Ra3 g5 36. Ke3 g6 37. h4 gxh4 38. gxh4 Be6 39. Ke4 Kb4
40. Ke5 c4 41. Rc3 Kc5 42. b3 Kb4 43. Rxc4+ Kxb3 44. Rc7 Kb4 45. Kf6 Bd5 46. f4
 1-0

[Event "LTU ch Semifinal 2021"]
[Site "Kaunas"]
[Date "2021.09.28"]
[Round "7"]
[Board "2"]
[White "Pidluznij, Gleb"]
[Black "Vedrickas, Tautvydas"]
[Result "0-1"]
[WhiteElo "2008"]
[BlackElo "2359"]
[PlyCount "96"]
[EventDate "2021.09.24"]
[EventRounds "8"]
[EventCountry "LTU"]

1. e4 g6 2. d4 Bg7 3. Nc3 d6 4. f4 a6 5. Nf3 Nd7 6. Bd3 c5 7. Be3 cxd4 8. Nxd4
Ngf6 9. O-O O-O 10. a4 e5 11. Nb3 exf4 12. Bxf4 Ne5 13. Qd2 Be6 14. Bg5 h6 15.
Be3 Nfg4 16. Bd4 Bxb3 17. cxb3 Nxh2 18. Rf4 Qg5 19. Kxh2 Ng4+ 20. Kh3 Bxd4 21.
Nd5 Be5 22. Qe2 Bxf4 23. Qxg4 Qxg4+ 24. Kxg4 Be5 25. Rc1 b5 26. axb5 axb5 27.
Bxb5 Ra2 28. Rc2 Rb8 29. Bc4 Rxb2 30. Rxb2 Bxb2 31. b4 Kg7 32. Ba6 Ba3 33. b5
Bc5 34. Kh4 h5 35. Kg3 g5 36. Kf3 f6 37. g4 h4 38. Nc7 Bb6 39. Nd5 Kf7 40. Kg2
Ke6 41. Kh2 Ke5 42. Kh3 Bd4 43. Ne7 Kxe4 44. Nc6 Re8 45. Nb4 Kf3 46. Bb7+ Kf2
47. Nc2 Bc5 48. Bd5 Re2  0-1

[Event "LTU ch Semifinal 2021"]
[Site "Kaunas"]
[Date "2021.09.28"]
[Round "7"]
[Board "3"]
[White "Kalvaitis, Sigitas"]
[Black "Salna, Aleksandras"]
[Result "0-1"]
[WhiteElo "2171"]
[BlackElo "2230"]
[PlyCount "92"]
[EventDate "2021.09.24"]
[EventRounds "8"]
[EventCountry "LTU"]

1. e4 c5 2. Nf3 Nc6 3. Bb5 g6 4. O-O Bg7 5. Re1 e5 6. b4 Nxb4 7. Bb2 a6 8. a3
axb5 9. axb4 Rxa1 10. Bxa1 d6 11. bxc5 Ne7 12. cxd6 Qxd6 13. d4 Bg4 14. dxe5
Qxd1 15. Rxd1 Nc6 16. Nbd2 Ke7 17. h3 Be6 18. Rb1 Ra8 19. Bc3 Ra3 20. Bb4+ Nxb4
21. Rxb4 Bd7 22. Nb3 Ra4 23. c3 Bc6 24. Nbd4 Rxb4 25. Nxc6+ bxc6 26. cxb4 Kd7
27. Nd4 Bxe5 28. Nc2 c5 29. Kf1 Bc3 30. bxc5 Kc6 31. Ke2 Kxc5 32. Kd3 b4 33. f3
h5 34. Ne3 Bd4 35. Nc4 b3 36. Nd2 b2 37. Nb1 Be5 38. Nd2 Bf4 39. Nb1 h4 40. Nc3
Be5 41. Nb1 g5 42. Nd2 f6 43. Nb1 Kb4 44. Nd2 Bf4 45. Nb1 Kb3 46. Nc3 Bd6  0-1

[Event "LTU ch Semifinal 2021"]
[Site "Kaunas"]
[Date "2021.09.28"]
[Round "7"]
[Board "4"]
[White "Simkunaite, Gabija"]
[Black "Steponavicius, Stasys"]
[Result "0-1"]
[WhiteElo "1948"]
[BlackElo "2194"]
[PlyCount "62"]
[EventDate "2021.09.24"]
[EventRounds "8"]
[EventCountry "LTU"]

1. e4 c6 2. d4 d5 3. exd5 cxd5 4. Bd3 Nc6 5. c3 Qc7 6. Nf3 Bg4 7. Nbd2 Nf6 8.
Qa4 Bd7 9. Qc2 Rc8 10. a3 g6 11. O-O Bg7 12. Re1 O-O 13. Nb3 b6 14. Bg5 Rfe8
15. Qd2 Nh5 16. h3 Rcd8 17. g4 Nf6 18. Ne5 Nxe5 19. dxe5 Ne4 20. Bxe4 dxe4 21.
Qe3 Bxe5 22. f4 Bd6 23. Nd4 f6 24. Bh4 Bxf4 25. Qxe4 Bh2+ 26. Kg2 Be5 27. Kg1
Bc8 28. Nf3 Bb7 29. Qe2 Bg3 30. g5 Bxf3 31. Qe6+ Kh8  0-1

[Event "LTU ch Semifinal 2021"]
[Site "Kaunas"]
[Date "2021.09.28"]
[Round "7"]
[Board "5"]
[White "Indriunas, Matas"]
[Black "Bagdanskis, Dangis"]
[Result "1/2-1/2"]
[WhiteElo "2205"]
[BlackElo "1893"]
[PlyCount "52"]
[EventDate "2021.09.24"]
[EventRounds "8"]
[EventCountry "LTU"]

1. e4 c5 2. Nf3 Nc6 3. d4 cxd4 4. Nxd4 e5 5. Nb5 d6 6. c4 Be7 7. N1c3 a6 8. Na3
Nf6 9. Nc2 O-O 10. Be2 Be6 11. Be3 Nd7 12. O-O f5 13. exf5 Bxf5 14. Nd5 Bg5 15.
Bg4 Nc5 16. Bxf5 Rxf5 17. Qg4 g6 18. Rad1 Bxe3 19. fxe3 Qd7 20. Rxf5 Qxf5 21.
Qxf5 gxf5 22. Rf1 Rf8 23. b4 Ne4 24. b5 Na5 25. bxa6 bxa6 26. Ncb4 Nc5  1/2-1/2

[Event "LTU ch Semifinal 2021"]
[Site "Kaunas"]
[Date "2021.09.28"]
[Round "7"]
[Board "6"]
[White "Eigminas, Kipras"]
[Black "Morkunas, Gustas"]
[Result "1-0"]
[WhiteElo "2140"]
[BlackElo "1885"]
[PlyCount "75"]
[EventDate "2021.09.24"]
[EventRounds "8"]
[EventCountry "LTU"]

1. e4 c5 2. Nf3 e6 3. d4 cxd4 4. Nxd4 a6 5. c4 Qc7 6. Nc3 Nf6 7. a3 d6 8. Be3
b6 9. Be2 Bb7 10. f3 Nbd7 11. O-O Be7 12. Rc1 O-O 13. b4 Rac8 14. Qe1 Rfe8 15.
Qg3 Qb8 16. Rfd1 Bd8 17. Kh1 Kh8 18. Qf2 Bc7 19. Qg1 Qa8 20. Na4 d5 21. exd5
exd5 22. c5 bxc5 23. bxc5 Bc6 24. Nxc6 Qxc6 25. Nb6 Rb8 26. Bxa6 Nxc5 27. Rxc5
Qxb6 28. Bb5 Red8 29. a4 Qd6 30. Rc6 Qe5 31. Re1 Bd6 32. Ba7 Qf4 33. Bxb8 Bxb8
34. Rf1 d4 35. g3 Qf5 36. Qf2 Nd5 37. Qxd4 Bxg3 38. Qg4  1-0

[Event "LTU ch Semifinal 2021"]
[Site "Kaunas"]
[Date "2021.09.28"]
[Round "7"]
[Board "7"]
[White "Greicius, Pijus"]
[Black "Aleknavicius, Andrius"]
[Result "1/2-1/2"]
[WhiteElo "2080"]
[BlackElo "1989"]
[PlyCount "32"]
[EventDate "2021.09.24"]
[EventRounds "8"]
[EventCountry "LTU"]

1. d4 f5 2. Nf3 Nf6 3. Bf4 e6 4. e3 b6 5. Be2 Bb7 6. h3 Be7 7. c4 O-O 8. O-O
Ne4 9. Qc2 d6 10. Nc3 Nd7 11. Bh2 Bf6 12. b4 g6 13. Rac1 Qe7 14. Qb3 Nxc3 15.
Rxc3 c5 16. Rd3 e5  1/2-1/2

[Event "LTU ch Semifinal 2021"]
[Site "Kaunas"]
[Date "2021.09.28"]
[Round "7"]
[Board "8"]
[White "Povilaitis, Matas"]
[Black "Slusnys, Evaldas"]
[Result "0-1"]
[WhiteElo "1720"]
[BlackElo "1747"]
[PlyCount "146"]
[EventDate "2021.09.24"]
[EventRounds "8"]
[EventCountry "LTU"]

1. d4 Nf6 2. Bg5 d6 3. Nc3 h6 4. Bxf6 gxf6 5. e3 Bf5 6. Bd3 Bxd3 7. Qxd3 c6 8.
Nge2 Nd7 9. Ng3 e6 10. Nce2 f5 11. c3 Qh4 12. b4 Bg7 13. a4 Nf6 14. Nf4 O-O 15.
Qe2 Nd5 16. Nxd5 cxd5 17. O-O Rac8 18. Qd3 Rc4 19. Ne2 Qe4 20. Rfd1 Rfc8 21.
Ra3 h5 22. Qxe4 fxe4 23. f4 exf3 24. gxf3 Bh6 25. f4 Kg7 26. Kf2 Kf6 27. a5 e5
28. Kf3 Ke6 29. Rg1 Kf5 30. Rg3 Rh8 31. Rh3 Bf8 32. Rg3 Be7 33. Rg1 h4 34. h3
Bf6 35. Raa1 Rhc8 36. Rg4 R4c7 37. Rag1 Rc4 38. Rg8 R4c7 39. R8g4 Rc4 40. Rg8
R4c7 41. Rxc8 Rxc8 42. b5 Ke6 43. Ra1 Bd8 44. Ra3 Kf5 45. Nc1 exf4 46. exf4
Bxa5 47. Ne2 Bb6 48. Ra1 Ra8 49. Nc1 Rc8 50. Ne2 Ra8 51. Nc1 Rg8 52. Ne2 Rc8
53. Ra3 Ra8 54. Nc1 a5 55. bxa6 bxa6 56. Nd3 a5 57. Nb4 Rg8 58. Nxd5 Rg3+ 59.
Kf2 Bxd4+ 60. Ke2 Bc5 61. Rxa5 Rxh3 62. Ra4 Rh2+ 63. Kf1 h3 64. Ra8 Rf2+ 65.
Ke1 h2 66. Rh8 Ra2 67. Kf1 Ke4 68. Nf6+ Kf3 69. Rh3+ Kxf4 70. c4 Rf2+ 71. Ke1
Rg2 72. Nd5+ Kg4 73. Rh8 Rg1+  0-1

[Event "LTU ch Semifinal 2021"]
[Site "Kaunas"]
[Date "2021.09.28"]
[Round "7"]
[Board "9"]
[White "Bosikis, Titas"]
[Black "Grybas, Gintaras"]
[Result "0-1"]
[WhiteElo "1373"]
[BlackElo "2007"]
[PlyCount "56"]
[EventDate "2021.09.24"]
[EventRounds "8"]
[EventCountry "LTU"]

1. e4 c6 2. d4 d5 3. Nc3 h6 4. Nf3 Bg4 5. e5 e6 6. Be2 c5 7. Be3 Ne7 8. O-O
Nbc6 9. h3 Bxf3 10. Bxf3 cxd4 11. Bxd4 Nf5 12. Ne2 Nfxd4 13. Nxd4 Nxe5 14. Be2
Qb6 15. Bb5+ Nc6 16. Bxc6+ bxc6 17. Re1 Bc5 18. Rxe6+ fxe6 19. Qh5+ Ke7 20. Nf3
Bxf2+ 21. Kh1 Bd4 22. Re1 Bf6 23. Qg4 c5 24. Ne5 Bxe5 25. Rxe5 Rhg8 26. Qh4+
Kd7 27. Qg4 Qd6 28. Qa4+ Qc6  0-1

[Event "LTU ch Semifinal 2021"]
[Site "Kaunas"]
[Date "2021.09.28"]
[Round "7"]
[Board "10"]
[White "Praspaliauskas, Matas"]
[Black "Narmontas, Raimondas"]
[Result "0-1"]
[WhiteElo "1313"]
[BlackElo "1983"]
[PlyCount "70"]
[EventDate "2021.09.24"]
[EventRounds "8"]
[EventCountry "LTU"]

1. e4 c5 2. Nf3 e6 3. d4 cxd4 4. Nxd4 Nf6 5. Nc3 Qb6 6. Nb3 Bb4 7. Bd3 d5 8.
Be3 Qc7 9. O-O Bxc3 10. bxc3 dxe4 11. Bb5+ Bd7 12. Qe2 O-O 13. Rad1 Nd5 14. Bd4
e5 15. Bc5 Nxc3 16. Qd2 Nxb5 17. Bxf8 Kxf8 18. Qb4+ Kg8 19. c4 Nd4 20. Nxd4
exd4 21. Rxd4 Bc6 22. Rfd1 Na6 23. Qa3 Re8 24. Qh3 Nc5 25. R4d2 Nd3 26. Qf5 g6
27. Qf6 Qe5 28. Qxe5 Rxe5 29. f3 f5 30. fxe4 fxe4 31. Re2 Rc5 32. Rc2 b5 33.
Rc3 Rxc4 34. Rxc4 bxc4 35. g3 c3  0-1

[Event "LTU ch Semifinal 2021"]
[Site "Kaunas"]
[Date "2021.09.28"]
[Round "7"]
[Board "11"]
[White "Raugevicius, Matas"]
[Black "Barsciauskas, Gintautas"]
[Result "1-0"]
[WhiteElo "1398"]
[BlackElo "1544"]
[PlyCount "119"]
[EventDate "2021.09.24"]
[EventRounds "8"]
[EventCountry "LTU"]

1. e4 d6 2. d4 Nd7 3. Nc3 Ngf6 4. f4 e5 5. Nf3 Be7 6. fxe5 dxe5 7. dxe5 Ng4 8.
e6 fxe6 9. Nd4 Nde5 10. Bf4 O-O 11. Bxe5 Nxe5 12. Be2 Bh4+ 13. g3 Bg5 14. Rf1
Be3 15. Rxf8+ Qxf8 16. Nf3 Bd7 17. Kf1 Rd8 18. Kg2 Ng4 19. Bd3 Bb6 20. Qe2 Qf6
21. Nd1 Qh6 22. h3 Nf6 23. Nc3 Rf8 24. g4 Qf4 25. Nh2 c6 26. Rf1 Qb8 27. g5 Bc7
28. gxf6 Bxh2 29. Qg4 Rf7 30. Bc4 Be5 31. Bxe6 Bxe6 32. Qxe6 Bxf6 33. Rf5 Qf8
34. e5 Bd8 35. Ne4 Qe7 36. Qxf7+ Qxf7 37. Rxf7 Kxf7 38. Nd6+ Ke6 39. Nxb7 Bc7
40. Nc5+ Kxe5 41. Kf3 Kd5 42. Nd3 Bd6 43. Ke3 g5 44. b3 h5 45. c4+ Ke6 46. Ke4
a5 47. Ne1 g4 48. hxg4 h4 49. Nf3 Be7 50. Ng1 Kd6 51. Kf5 Kc5 52. Ke6 Bg5 53.
Nf3 Bd8 54. Kd7 Bf6 55. g5 Bc3 56. Nxh4 Kb4 57. Kxc6 Ka3 58. Kb5 Kxa2 59. Ka4
Kb2 60. g6  1-0

[Event "LTU ch Semifinal 2021"]
[Site "Kaunas"]
[Date "2021.09.28"]
[Round "7"]
[Board "12"]
[White "Plutaite, Ausra"]
[Black "Berginas, Sigitas"]
[Result "1-0"]
[WhiteElo "1472"]
[BlackElo "1380"]
[PlyCount "41"]
[EventDate "2021.09.24"]
[EventRounds "8"]
[EventCountry "LTU"]

1. e4 c5 2. Nc3 Nc6 3. f4 e6 4. Bb5 a6 5. Bxc6 dxc6 6. Nf3 g6 7. d3 Bg7 8. O-O
Ne7 9. Qe1 O-O 10. Qh4 f6 11. Be3 b6 12. a4 a5 13. Rad1 Qc7 14. d4 cxd4 15.
Nxd4 e5 16. fxe5 g5 17. Qh5 Qxe5 18. Nf3 Qc7 19. Bxg5 fxg5 20. Nxg5 h6 21.
Rxf8+  1-0

[Event "LTU ch Semifinal 2021"]
[Site "Kaunas"]
[Date "2021.09.28"]
[Round "7"]
[Board "13"]
[White "Vazgauskas, Povilas"]
[Black "Kavaliauskas, Tomas"]
[Result "1-0"]
[WhiteElo "1532"]
[BlackElo "1361"]
[PlyCount "101"]
[EventDate "2021.09.24"]
[EventRounds "8"]
[EventCountry "LTU"]

1. e4 c6 2. d4 d5 3. exd5 cxd5 4. Nf3 Nf6 5. Bb5+ Bd7 6. Qe2 a6 7. Bxd7+ Nbxd7
8. Nc3 e6 9. Bg5 Be7 10. O-O h6 11. Bd2 O-O 12. Rfe1 Re8 13. a3 b5 14. Na2 Rc8
15. Bb4 Nf8 16. Nc1 Ng6 17. Nd3 Ne4 18. c3 a5 19. Bxe7 Rxe7 20. g3 Qb6 21. h4
a4 22. h5 Nf8 23. Nf4 Nh7 24. Nh3 Nhf6 25. Nf4 Qb7 26. Kg2 Ng4 27. Nd3 f5 28.
Nh4 Rf7 29. f3 Ngf6 30. fxe4 Nxe4 31. Ne5 Rf6 32. Nhg6 f4 33. Nxf4 Rcf8 34. Rf1
Rf5 35. Neg6 Rg5 36. Rf3 Rf6 37. Raf1 Qd7 38. Ne5 Qe8 39. g4 g6 40. Nfxg6 Rff5
41. Rxf5 exf5 42. Rxf5 Rxf5 43. gxf5 Nf6 44. Qf3 Qd8 45. Nf4 Ne4 46. Qg4+ Ng5
47. Ne6 Qe7 48. Nf3 Kh8 49. Nfxg5 hxg5 50. Qxg5 Qd7 51. Qd8+  1-0

[Event "LTU ch Semifinal 2021"]
[Site "Kaunas"]
[Date "2021.09.28"]
[Round "7"]
[Board "14"]
[White "Vaiciunas, Giedrius"]
[Black "Zalimas, Ugnius"]
[Result "1-0"]
[WhiteElo "1553"]
[BlackElo "1324"]
[PlyCount "119"]
[EventDate "2021.09.24"]
[EventRounds "8"]
[EventCountry "LTU"]

1. d4 Nf6 2. c4 e6 3. Nc3 d5 4. cxd5 Nxd5 5. e4 Nxc3 6. bxc3 c5 7. Nf3 cxd4 8.
cxd4 Bb4+ 9. Bd2 Bxd2+ 10. Qxd2 O-O 11. Be2 b6 12. O-O Bb7 13. Qe3 Nd7 14. Nd2
Qe7 15. e5 Rac8 16. Nc4 Bd5 17. Nd6 Rc2 18. a4 Nb8 19. Bd3 Rc7 20. Be4 Bxe4 21.
Qxe4 Nc6 22. Nb5 Rcc8 23. Rac1 Na5 24. h3 Rfd8 25. Nd6 Rc7 26. Rxc7 Qxc7 27.
Qf4 Qd7 28. Rc1 Nb7 29. Nb5 Rc8 30. Nxa7 Rxc1+ 31. Qxc1 Na5 32. Qc8+ Qxc8 33.
Nxc8 Nb3 34. d5 exd5 35. Ne7+ Kf8 36. Nxd5 Na5 37. Nxb6 Ke7 38. f4 h5 39. Nd5+
Ke6 40. Ne3 g5 41. g3 f6 42. exf6 Kxf6 43. f5 Nc6 44. g4 h4 45. Nc4 Nb4 46. a5
Na6 47. Kf2 Nb4 48. Nd2 Ke5 49. Nf3+ Kf6 50. Ke3 Nd5+ 51. Ke4 Nc3+ 52. Kd4 Nb5+
53. Kc5 Nc7 54. Kc6 Na6 55. Kb6 Nb4 56. a6 Nd5+ 57. Kb7 Nf4 58. a7 Nxh3 59.
a8=Q Nf2 60. Qf8#  1-0

[Event "LTU ch Semifinal 2021"]
[Site "Kaunas"]
[Date "2021.09.29"]
[Round "8"]
[Board "1"]
[White "Vedrickas, Tautvydas"]
[Black "Salna, Aleksandras"]
[Result "1-0"]
[WhiteElo "2359"]
[BlackElo "2230"]
[PlyCount "79"]
[EventDate "2021.09.24"]
[EventRounds "8"]
[EventCountry "LTU"]

1. d4 Nf6 2. c4 g6 3. f3 d5 4. cxd5 Nxd5 5. e4 Nb6 6. Nc3 Bg7 7. Be3 O-O 8. f4
Qd6 9. Qd2 Rd8 10. Nf3 Qb4 11. Rc1 Nc6 12. a3 Qa5 13. h3 f5 14. e5 Be6 15. b4
Qxa3 16. Nb5 Qa2 17. Nxc7 Rac8 18. Nxe6 Qxe6 19. Be2 h6 20. b5 Nb8 21. O-O Nd5
22. Rxc8 Qxc8 23. Rc1 Qd7 24. Qa2 Kh7 25. Bd2 b6 26. h4 e6 27. Ra1 Qc8 28. Qxa7
Rd7 29. Qa8 Rc7 30. Bd3 Rc3 31. Bxc3 Qxc3 32. Qa3 Qc8 33. Rc1 Qb7 34. Qd6 Nxf4
35. Rc7 Qa8 36. Qe7 Qa1+ 37. Kh2 Nh5 38. Qxe6 Nd7 39. Bc4 Qa8 40. Rxd7  1-0

[Event "LTU ch Semifinal 2021"]
[Site "Kaunas"]
[Date "2021.09.29"]
[Round "8"]
[Board "2"]
[White "Steponavicius, Stasys"]
[Black "Stremavicius, Pijus"]
[Result "1/2-1/2"]
[WhiteElo "2194"]
[BlackElo "2253"]
[PlyCount "55"]
[EventDate "2021.09.24"]
[EventRounds "8"]
[EventCountry "LTU"]

1. d4 Nf6 2. c4 e6 3. Nc3 Bb4 4. Nf3 b6 5. g3 Bxc3+ 6. bxc3 Bb7 7. Bg2 O-O 8.
Bg5 d6 9. O-O h6 10. Bxf6 Qxf6 11. Qd3 Re8 12. Nd2 Nc6 13. f4 Qe7 14. Rae1 Rad8
15. Rf2 f6 16. f5 Na5 17. Bxb7 Nxb7 18. fxe6 Qxe6 19. e4 c6 20. Ref1 Kh8 21.
Qf3 Na5 22. Qh5 Rf8 23. Nf3 Qe8 24. Qg4 Nxc4 25. Re1 Qd7 26. Qh5 Qe8 27. Qg4
Qd7 28. Qh5  1/2-1/2